01160nam a2200217 i 4500001000700000003000900007005001700016007000300033008004100036111008200077245028200159260004400441300002200485490006300507500012500570650005500695650006000750711004500810830006300855852002400918186832ES-MaACL20230906222743.0t|170221s1880 fr ||||1| fre d2 aCongrès International des Sociétés des Amis de la Paix (d1878.cParis)10aCongrès international des sociétés des amis de la paix tenu à Paris les 26, 27, 28 et 30 septembre et le 1er octobre 1878 b: comptes rendus sténographiques publiés sous les auspices du Comité Central des Congrès et Confèrences et la direction de Ch. Thirion. aParis : bImprimeria Nationale, c1880. a158 p. ; c24 cm.1 aCongrès et conférences du Palais du Trocadéro ; v30 aPrecede al tít.: Ministère de l'Agriculture et du Commerce, Exposition Universelle International de 1878, à Paris. 4aMediación internacional-vCongresos y asambleas. 4aGuerra (Derecho internacional)-vCongresos y asambleas.2 aExposition Universelle (d1878. cParis)0 aCongrès et conférences du Palais du Trocadéro ; v30 aES-MaACLjG-1757(1)